00755nam a2200193 a 450000100100000000500170001002000170002704000250004408200150006910000260008424501280011026000340023830000210027249000290029350400730032283000360039595201130043199900170054400004176920201002035738.0 a978968659596 aDO-SdBNPbspacBNPHU axxxxbxxxx1 aOsborne, David96862510aUn nuevo modelo de gobierno :bcómo transforma el espiritu empresarial al sector público /cDavid Osborne, Ted Gaebler. aMontevideo :bGernika,c1994. a502 p. ;c21 cm.1 aCiencias políticasv28 aIncluye referencias bibliográficas y notas al pie de las páginas 0aCiencias políticasn28968626 001050718MOaGRbGRcHDd2013-10-17iLF1l0oxxxx xxxxp41769-10r2020-06-25w2020-06-25y1ZNo se presta c41258d41258